Statistics for Animals that Appear on a Coat of Arms

Click here to take the quiz!

General Stats

  • This quiz has been taken 6,693 times
  • The average score is 18 of 55

Answer Stats

CountriesAnimal% Correct
Germany, Russia, USA, +26 othersEagle
95%
Netherlands, Sri Lanka,
United Kingdom, +37 others
Lion
95%
Malaysia, SingaporeTiger
84%
Chad, Ivory Coast, +3 othersElephant
77%
AustraliaKangaroo
72%
Bhutan, IcelandDragon
72%
Canada, UKUnicorn
70%
MexicoRattlesnake
69%
Solomon IslandsShark
65%
AustraliaEmu
62%
Kazakhstan, Mongolia,
Uruguay, +7 others
Horse
58%
India, Uruguay, +9 othersCattle
57%
Jamaica, Solomon IslandsCrocodile
48%
Kyrgyzstan, SyriaHawk
46%
MauritiusDodo
44%
D.R. Congo, Malawi, +5 othersLeopard
42%
Kuwait, São Tomé and PríncipeFalcon
42%
Dominica, St. Lucia,
São Tomé and Príncipe
Parrot
40%
DominicaFrog
40%
New ZealandSheep
39%
BotswanaZebra
38%
KenyaRooster
35%
GuyanaJaguar
35%
Fiji, Guinea, Grenada, TongaDove / pigeon
34%
Seychelles, Solomon IslandsTortoise / Turtle
34%
Albania, Chad, CroatiaGoat
33%
Bolivia, PeruLlama
33%
Antigua & Barbuda, Chile,
Mauritius
Deer
31%
Papua New GuineaBird of Paradise
29%
Latvia, IcelandGriffin
27%
EritreaCamel
27%
Bolivia, Chile, Colombia, EcuadorCondor
26%
Namibia, Uganda, ZimbabweAntelope
23%
BahamasFlamingo
23%
AustraliaSwan
22%
MaliVulture
22%
Barbados, St. Kitts & NevisPelican
21%
UgandaCrested crane
15%
BahamasMarlin
12%
GuatemalaQuetzal
11%
Uzbekistan{Huma} bird
10%
Trinidad and TobagoIbis
9%
Marshall IslandsAngel
8%
GuyanaPheasant
6%
CroatiaMarten
6%
GrenadaArmadillo
6%
Kiribati{Frigate}bird
6%
LiechtensteinHarpy
5%
BarbadosMahi-mahi
5%
Sudan{Secretary}bird
5%
AustraliaPiping shrike
4%
ThailandGaruda
4%
Trinidad and TobagoCocrico
3%
Seychelles{Tropic}bird
3%
CambodiaGajasimha
2%

Score Distribution

Percentile by Number Answered

Percent of People with Each Score

Your Score History

You have not taken this quiz